[Event "Budapest FS10 U2250"]
[Site "Budapest"]
[Date "2024.10.06"]
[Round "2"]
[White "Khandhadia, Nivaan Rathin"]
[Black "Alsemail, Mohammed Fahad M"]
[Result "1-0"]
[WhiteElo "1730"]
[BlackElo "1874"]
[PlyCount "43"]
[EventDate "2024.10.05"]
[EventType "swiss"]
[EventRounds "9"]
[EventCountry "HUN"]
[SourceTitle "CB45_2024"]
[Source "ChessBase"]
[SourceDate "2024.11.06"]
[SourceVersion "1"]
[SourceVersionDate "2024.11.06"]
[SourceQuality "1"]

1. d4 d5 2. c4 e6 3. Nf3 Nf6 4. Nc3 Be7 5. Bf4 0-0 6. e3 b6 7. Bd3 Bb7 8. 0-0 Nh5 9. Be5 f6 10. Ng5 fxe5 11. Qxh5 Bxg5 12. Qxh7+ Kf7 13. Bg6+ Kf6 14. dxe5+ Kxe5 15. f4+ Kd6 16. fxg5 Rxf1+ 17. Rxf1 Qxg5 18. e4 Qe3+ 19. Kh1 Qh6 20. Nb5+ Kc6 21. exd5+ exd5 22. Rf6+ 1-0

[Event "Riadh Rapid op"]
[Site "Riadh"]
[Date "2023.03.17"]
[Round "5"]
[White "Alsemail, Mohammed Fahad M"]
[Black "Ahmad, Ebrahim Abdulkarim"]
[Result "1-0"]
[WhiteElo "1763"]
[BlackElo "1854"]
[PlyCount "57"]
[EventDate "2023.03.17"]
[EventType "swiss (rapid)"]
[EventRounds "9"]
[EventCountry "SAU"]
[SourceTitle "CBM 213 Extra"]
[Source "ChessBase"]
[SourceDate "2023.05.31"]
[SourceVersion "1"]
[SourceVersionDate "2023.05.31"]
[SourceQuality "1"]

1. e4 e5 2. f4 exf4 3. Nf3 Nf6 4. Nc3 c6 5. d4 Bb4 6. Bd3 0-0 7. Bxf4 Bxc3+ 8. bxc3 Nxe4 9. Bxe4 Re8 10. Ne5 d6 11. 0-0 dxe5 12. Bxe5 Nd7 13. Bxh7+ Kh8 14. Qh5 Nxe5 15. dxe5 Qb6+ 16. Kh1 Qe3 17. Bg6+ Qh6 18. Rxf7 Be6 19. Qxh6+ gxh6 20. Rxb7 Reb8 21. Rab1 Rxb7 22. Rxb7 Bxa2 23. h3 Bd5 24. Bf7 Be4 25. e6 Kg7 26. Bh5+ Kf6 27. e7 Bg6 28. Rd7 Re8 29. Rd6+ 1-0

[Event "Riadh Rapid op"]
[Site "Riadh"]
[Date "2023.03.17"]
[Round "1"]
[White "Omar, Noaman"]
[Black "Alsemail, Mohammed Fahad M"]
[Result "1-0"]
[WhiteElo "2345"]
[BlackElo "1763"]
[PlyCount "49"]
[EventDate "2023.03.17"]
[EventType "swiss (rapid)"]
[EventRounds "9"]
[EventCountry "SAU"]
[SourceTitle "CBM 213 Extra"]
[Source "ChessBase"]
[SourceDate "2023.05.31"]
[SourceVersion "1"]
[SourceVersionDate "2023.05.31"]
[SourceQuality "1"]

1. d4 Nf6 2. c4 e6 3. Nf3 d5 4. Nc3 Be7 5. Bg5 0-0 6. e3 Nbd7 7. Qc2 h6 8. Bh4 c6 9. Rd1 b6 10. cxd5 Nxd5 11. Nxd5 cxd5 12. Bxe7 Qxe7 13. a3 Nb8 14. Bd3 Ba6 15. 0-0 Bxd3 16. Rxd3 Na6 17. Rc3 Qb7 18. Rc1 f6 19. b4 b5 20. Nd2 Rae8 21. Nb3 Qf7 22. Qd3 Qd7 23. Na5 Rc8 24. Nc6 Nc7 25. Nxa7 1-0